00406nam a2200157Ia 4500003000400000005001700004008004100021020001500062040000900077082001900086100002600105245005900131260003800190300000900228650001100237OSt20201230101631.0190216s9999||||xx |||||||||||||| ||und|| a8171511945 coclc a892.709bNIC/L aNicholson, Reynold A  0aA Literary History Of The Arabs /cReynold A Nicholson bKitab Bhavan, c1994.aNew Delhi: a506p aArabic